[Event "HUN-chT2 Asztalos 1819"]
[Site "Hungary"]
[Date "2019.03.31"]
[Round "8.5"]
[White "Brayer, Janos"]
[Black "Javor, Sandor"]
[Result "0-1"]
[WhiteElo "1961"]
[BlackElo "2096"]
[PlyCount "100"]
[EventDate "2018.10.28"]
[EventType "team-tourn"]
[EventRounds "9"]
[EventCountry "HUN"]
[SourceTitle "EXT 2021"]
[Source "ChessBase"]
[SourceDate "2020.10.23"]
[SourceVersion "1"]
[SourceVersionDate "2020.10.23"]
[SourceQuality "1"]
[WhiteTeam "Kiraly Sakk"]
[BlackTeam "Baja Spartacus"]
[WhiteTeamCountry "HUN"]
[BlackTeamCountry "HUN"]

1. d4 d5 2. Nf3 f5 3. g3 Nf6 4. Bg2 e6 5. Bg5 Bd6 6. Nc3 Nbd7 7. Qd2 a6 8. h4 0-0 9. Bf4 Qe7 10. h5 b6 11. Ne5 Bb7 12. Bf3 Ne4 13. Qe3 Nxe5 14. Bxe5 Bxe5 15. dxe5 c5 16. Qf4 d4 17. Nd1 Ng5 18. Bxb7 Qxb7 19. Qh4 h6 20. f3 Qd5 21. 0-0 f4 22. Nf2 Qxe5 23. Rae1 fxg3 24. Ng4 Qf4 25. Kg2 e5 26. Qxg3 e4 27. Qxf4 Rxf4 28. Kg3 Raf8 29. Nh2 R4f5 30. Kg4 Ne6 31. fxe4 Rf4+ 32. Rxf4 Rxf4+ 33. Kg3 Rxe4 34. Ng4 Kf7 35. e3 Ke7 36. Re2 Kd6 37. Rd2 Kd5 38. c3 a5 39. exd4 cxd4 40. Kf3 Ng5+ 41. Kg3 b5 42. cxd4 a4 43. b3 a3 44. Rd3 Re2 45. Re3 Rxa2 46. Re5+ Kxd4 47. Rxb5 Ra1 48. Kf2 a2 49. Ra5 Ne4+ 50. Kg2 Nc3 0-1

[Event "HUN-chT2 Asztalos 1819"]
[Site "Hungary"]
[Date "2019.02.24"]
[Round "6.5"]
[White "Brayer, Janos"]
[Black "Szabo, Levente"]
[Result "1/2-1/2"]
[WhiteElo "1961"]
[BlackElo "1977"]
[PlyCount "22"]
[EventDate "2018.10.28"]
[EventType "team-tourn"]
[EventRounds "9"]
[EventCountry "HUN"]
[SourceTitle "CBM 189 Extra"]
[Source "ChessBase"]
[SourceDate "2019.06.03"]
[SourceVersion "1"]
[SourceVersionDate "2019.06.03"]
[SourceQuality "1"]
[WhiteTeam "Kiraly Sakk"]
[BlackTeam "Sarosd"]
[WhiteTeamCountry "HUN"]
[BlackTeamCountry "HUN"]

1. d4 d5 2. c4 e6 3. Nc3 Nf6 4. Nf3 Be7 5. e3 0-0 6. Bd3 Nbd7 7. cxd5 exd5 8. Qb3 c6 9. 0-0 Qb6 10. Qc2 h6 11. b3 a5 1/2-1/2

[Event "HUN-chT2 Asztalos 1718"]
[Site "Hungary"]
[Date "2018.03.04"]
[Round "7.5"]
[White "Szabo, Levente"]
[Black "Brayer, Janos"]
[Result "1/2-1/2"]
[WhiteElo "1942"]
[BlackElo "1949"]
[PlyCount "20"]
[EventDate "2017.10.29"]
[EventType "team-tourn"]
[EventRounds "9"]
[EventCountry "HUN"]
[SourceTitle "EXT 2021"]
[Source "ChessBase"]
[SourceDate "2020.10.23"]
[SourceVersion "1"]
[SourceVersionDate "2020.10.23"]
[SourceQuality "1"]
[WhiteTeam "Sarosd"]
[BlackTeam "Kiraly Sakk"]
[WhiteTeamCountry "HUN"]
[BlackTeamCountry "HUN"]

1. d4 d5 2. c4 c6 3. cxd5 cxd5 4. Nc3 Nf6 5. Nf3 Nc6 6. e3 e6 7. Be2 Bd6 8. 0-0 0-0 9. h3 a6 10. a3 Qe7 1/2-1/2

[Event "HUN-chT2 Asztalos 1617"]
[Site "Hungary"]
[Date "2017.02.26"]
[Round "9.5"]
[White "Brayer, Janos"]
[Black "Varga, Zsolt"]
[Result "1/2-1/2"]
[WhiteElo "1935"]
[BlackElo "1993"]
[PlyCount "34"]
[EventDate "2016.09.25"]
[EventType "team-tourn"]
[EventRounds "11"]
[EventCountry "HUN"]
[SourceTitle "EXT 2021"]
[Source "ChessBase"]
[SourceDate "2020.10.23"]
[SourceVersion "1"]
[SourceVersionDate "2020.10.23"]
[SourceQuality "1"]
[WhiteTeam "Kiraly Sakk"]
[BlackTeam "Pecs Karmin"]
[WhiteTeamCountry "HUN"]
[BlackTeamCountry "HUN"]

1. d4 d5 2. Nf3 Nf6 3. e3 e6 4. Nbd2 Be7 5. Bd3 0-0 6. 0-0 b6 7. Ne5 Bb7 8. Qf3 Nbd7 9. Qh3 g6 10. Ndf3 Ne4 11. Bb5 Nxe5 12. Nxe5 Qd6 13. f3 Nf6 14. a4 a6 15. Bd3 c5 16. c3 Nd7 17. f4 f5 1/2-1/2

[Event "HUN-chT2 Asztalos 1617"]
[Site "Hungary"]
[Date "2016.11.27"]
[Round "5.5"]
[White "Brayer, Janos"]
[Black "Gyorke, Zoltan"]
[Result "1/2-1/2"]
[WhiteElo "1935"]
[BlackElo "1970"]
[PlyCount "53"]
[EventDate "2016.09.25"]
[EventType "team-tourn"]
[EventRounds "11"]
[EventCountry "HUN"]
[SourceTitle "EXT 2021"]
[Source "ChessBase"]
[SourceDate "2020.10.23"]
[SourceVersion "1"]
[SourceVersionDate "2020.10.23"]
[SourceQuality "1"]
[WhiteTeam "Kiraly Sakk"]
[BlackTeam "Komlo Banyasz II"]
[WhiteTeamCountry "HUN"]
[BlackTeamCountry "HUN"]

1. d4 Nf6 2. Nf3 g6 3. Nbd2 d6 4. e4 Bg7 5. Bc4 c6 6. 0-0 0-0 7. a4 Nbd7 8. e5 dxe5 9. dxe5 Nd5 10. Re1 N7b6 11. Bb3 Nf4 12. a5 Nbd5 13. Ne4 Ne6 14. Neg5 Nc5 15. Bc4 h6 16. b4 Ne6 17. Nxe6 Bxe6 18. Nd4 Ne3 19. Bxe3 Bxc4 20. Qg4 Qe8 21. Rad1 Kh7 22. Qh4 e6 23. Bg5 b5 24. Re3 Rh8 25. Nf3 Bd5 26. Nd4 Kg8 27. Bf6 1/2-1/2

[Event "HUN-chT2 Breyer 1516"]
[Site "Hungary"]
[Date "2016.03.20"]
[Round "9.10"]
[White "Brayer, Janos"]
[Black "Bartuszek, Andras"]
[Result "1-0"]
[WhiteElo "1942"]
[BlackElo "1812"]
[PlyCount "71"]
[EventDate "2015.09.13"]
[EventType "team-tourn"]
[EventRounds "11"]
[EventCountry "HUN"]
[SourceTitle "EXT 2017"]
[Source "ChessBase"]
[SourceDate "2016.10.25"]
[SourceVersion "1"]
[SourceVersionDate "2016.10.25"]
[SourceQuality "1"]
[WhiteTeam "Kisber Aszar"]
[BlackTeam "Kobanya Aquarena"]
[WhiteTeamCountry "HUN"]
[BlackTeamCountry "HUN"]

1. d4 Nf6 2. Nf3 g6 3. Nbd2 d5 4. e3 Bg7 5. Bd3 0-0 6. 0-0 Nbd7 7. c4 c6 8. h3 b6 9. b3 Bb7 10. Bb2 e6 11. Rc1 c5 12. Ne5 Nxe5 13. dxe5 Ne4 14. Nf3 dxc4 15. Rxc4 Ng5 16. Nxg5 Qxg5 17. Rg4 Qe7 18. Qe2 Rad8 19. Bc3 a5 20. a3 Qc7 21. f4 Rd7 22. e4 Rfd8 23. Bc4 Kh8 24. Rh4 Bc6 25. a4 Re8 26. Re1 Qd8 27. Qg4 h5 28. Qg3 Rd1 29. f5 Rxe1+ 30. Qxe1 Qg5 31. Bd2 Qd8 32. f6 Bf8 33. Be3 Qd7 34. Be2 Bxe4 35. Rxe4 Qd5 36. Qh4 1-0

[Event "HUN-chT2 Breyer 1516"]
[Site "Hungary"]
[Date "2016.02.14"]
[Round "7.10"]
[White "Brayer, Janos"]
[Black "Horkai, Andras"]
[Result "1/2-1/2"]
[WhiteElo "1950"]
[BlackElo "2018"]
[PlyCount "79"]
[EventDate "2015.09.13"]
[EventType "team-tourn"]
[EventRounds "11"]
[EventCountry "HUN"]
[SourceTitle "EXT 2017"]
[Source "ChessBase"]
[SourceDate "2016.10.25"]
[SourceVersion "1"]
[SourceVersionDate "2016.10.25"]
[SourceQuality "1"]
[WhiteTeam "Kisber Aszar"]
[BlackTeam "Vizugy"]
[WhiteTeamCountry "HUN"]
[BlackTeamCountry "HUN"]

1. d4 d5 2. Nf3 Nf6 3. e3 g6 4. Nbd2 Bg7 5. Bd3 0-0 6. 0-0 c5 7. c3 Nc6 8. Qe2 Qc7 9. dxc5 e5 10. e4 d4 11. cxd4 Nxd4 12. Nxd4 exd4 13. Nb3 Nd7 14. Bd2 a5 15. Rac1 a4 16. Na1 Ne5 17. Bf4 Be6 18. b4 axb3 19. Nxb3 Rfd8 20. Bg5 Nxd3 21. Qxd3 f6 22. Bh4 Rxa2 23. Bg3 Qd7 24. Ra1 Qa4 25. Rxa2 Qxa2 26. Nd2 Bf8 27. Rb1 Bxc5 28. Rxb7 Qa1+ 29. Nf1 Qc3 30. Qa6 Qc4 31. Qxc4 Bxc4 32. Rc7 Bxf1 33. Kxf1 d3 34. Ke1 Bb4+ 35. Kd1 Ra8 36. Rc1 Ra2 37. Rb1 Rd2+ 38. Kc1 Rc2+ 39. Kd1 Bc5 40. Rb3 1/2-1/2

[Event "Komarom Esztergom County-chT"]
[Site "Hungary"]
[Date "2013.03.17"]
[Round "8.1"]
[White "Brayer, Janos"]
[Black "Laszlo, Imre"]
[Result "0-1"]
[WhiteElo "2033"]
[BlackElo "2185"]
[PlyCount "88"]
[EventDate "2012.09.29"]
[EventType "team-tourn"]
[EventRounds "10"]
[EventCountry "HUN"]
[SourceTitle "EXT 2014"]
[Source "ChessBase"]
[SourceDate "2013.11.20"]
[SourceVersion "1"]
[SourceVersionDate "2013.11.20"]
[SourceQuality "1"]
[WhiteTeam "Kisber Aszar"]
[BlackTeam "Tata Naszaly"]
[WhiteTeamCountry "HUN"]
[BlackTeamCountry "HUN"]

1. d4 Nf6 2. Nf3 c5 3. e3 g6 4. Nbd2 b6 5. c3 Bb7 6. Qb3 Qc7 7. Bd3 Bg7 8. 0-0 d5 9. c4 e6 10. Qc2 Nbd7 11. b3 0-0 12. Bb2 Rac8 13. Rae1 dxc4 14. bxc4 Rfd8 15. Re2 Nh5 16. Ng5 Nf8 17. g4 Nf6 18. h3 h5 19. dxc5 hxg4 20. Bxf6 Bxf6 21. Nde4 Bxg5 22. Nxg5 Qxc5 23. f4 gxf3 24. Nxf3 Qh5 25. Be4 Bxe4 26. Qxe4 Rc5 27. Rg2 Rf5 28. Kh2 Nh7 29. Qb7 Rf8 30. h4 Nf6 31. Kh3 Kg7 32. Rg3 Rh8 33. Rfg1 Rh6 34. Qa8 Nh7 35. Rg4 Rf6 36. Qe4 Qf5 37. Qxf5 Rxf5 38. Kg3 Ra5 39. Rg2 Nf6 40. Rd4 Rh8 41. Rgd2 Rc8 42. Rc2 Rac5 43. Ng5 b5 44. Rf2 Rxc4 0-1

[Event "Komarom Esztergom County-chT"]
[Site "Hungary"]
[Date "2013.02.10"]
[Round "6.1"]
[White "Solymosi, Istvan"]
[Black "Brayer, Janos"]
[Result "1-0"]
[WhiteElo "2177"]
[BlackElo "2033"]
[PlyCount "51"]
[EventDate "2012.09.29"]
[EventType "team-tourn"]
[EventRounds "10"]
[EventCountry "HUN"]
[SourceTitle "EXT 2014"]
[Source "ChessBase"]
[SourceDate "2013.11.20"]
[SourceVersion "1"]
[SourceVersionDate "2013.11.20"]
[SourceQuality "1"]
[WhiteTeam "Koernyei SE"]
[BlackTeam "Kisber Aszar"]
[WhiteTeamCountry "HUN"]
[BlackTeamCountry "HUN"]

1. d4 d5 2. c4 c6 3. Nf3 e6 4. Nc3 dxc4 5. a4 Bb4 6. Ne5 b5 7. g3 f6 8. Nf3 Ne7 9. Bg2 Bb7 10. 0-0 a6 11. Na2 c5 12. b3 cxb3 13. Nxb4 cxb4 14. Qxb3 a5 15. axb5 Qb6 16. Bb2 Nd5 17. e4 Nc7 18. Nd2 Qxb5 19. Rfc1 a4 20. Qe3 Qd7 21. Nc4 Ra6 22. d5 e5 23. Nb6 Qb5 24. Rxc7 Rxb6 25. Bf1 Qa5 26. Rxa4 1-0

[Event "Fejer County-chT 1213"]
[Site "Fejer Region"]
[Date "2013.02.02"]
[Round "4.9"]
[White "Brayer, Janos"]
[Black "Szinavel, Zsolt"]
[Result "0-1"]
[WhiteElo "2033"]
[BlackElo "2123"]
[PlyCount "80"]
[EventDate "2012.11.03"]
[EventType "team-tourn"]
[EventRounds "7"]
[EventCountry "HUN"]
[SourceTitle "EXT 2019"]
[Source "ChessBase"]
[SourceDate "2018.10.10"]
[SourceVersion "1"]
[SourceVersionDate "2018.10.10"]
[SourceQuality "1"]
[WhiteTeam "Bodajk"]
[BlackTeam "Mor"]
[WhiteTeamCountry "HUN"]
[BlackTeamCountry "HUN"]

1. d4 Nc6 2. Nf3 d5 3. Bf4 Nf6 4. e3 a6 5. Ne5 Bf5 6. c4 e6 7. Nxc6 bxc6 8. Qa4 Qd7 9. c5 Be7 10. Qa5 Bd8 11. Nd2 Ne4 12. Nb3 g5 13. Be5 f6 14. Bg3 h5 15. f3 Nxg3 16. hxg3 e5 17. Kf2 Qg7 18. Qa4 Bd7 19. Bd3 h4 20. g4 e4 21. fxe4 0-0 22. Raf1 a5 23. g3 Rb8 24. gxh4 gxh4 25. Ke1 Qg5 26. Rf4 Re8 27. Kd2 Re7 28. Rhf1 Rf7 29. e5 h3 30. Qxa5 Bxg4 31. Kc2 f5 32. Qa7 Rxb3 33. axb3 h2 34. Qa1 Qh5 35. e4 Be2 36. Bxe2 Qxe2+ 37. Kb1 Bg5 38. e6 Qd3+ 39. Ka2 Rf8 40. Qc1 Ra8# 0-1

[Event "HUN-chT2 Breyer 1213"]
[Site "Hungary"]
[Date "2012.10.07"]
[Round "2.8"]
[White "Erky, Tamas"]
[Black "Brayer, Janos"]
[Result "0-1"]
[WhiteElo "1544"]
[BlackElo "2033"]
[PlyCount "66"]
[EventDate "2012.09.16"]
[EventType "team-tourn"]
[EventRounds "11"]
[EventCountry "HUN"]
[SourceTitle "EXT 2014"]
[Source "ChessBase"]
[SourceDate "2013.11.20"]
[SourceVersion "1"]
[SourceVersionDate "2013.11.20"]
[SourceQuality "1"]
[WhiteTeam "Szechenyi"]
[BlackTeam "Kisber Aszar"]
[WhiteTeamCountry "HUN"]
[BlackTeamCountry "HUN"]

1. e4 c5 2. Nf3 g6 3. d4 Bg7 4. Be3 Qb6 5. b3 d6 6. c3 Nf6 7. Nbd2 Ng4 8. Nc4 Qc7 9. Rc1 Nd7 10. h3 Nxe3 11. Nxe3 Nf6 12. Bd3 0-0 13. 0-0 e6 14. Qc2 Nh5 15. Rfe1 b6 16. d5 e5 17. Nf1 Bh6 18. Rcd1 Bf4 19. h4 Bg4 20. Be2 f5 21. g3 fxe4 22. Qxe4 Bf5 23. Qa4 Bd7 24. Qa3 Bh6 25. N1h2 e4 26. Ng5 e3 27. Ngf3 Rae8 28. Kg2 Qc8 29. Bf1 Bh3+ 30. Kg1 Bxf1 31. Kxf1 Qh3+ 32. Ke2 exf2+ 33. Kxf2 Qxh2+ 0-1

[Event "HUN-chT2 Breyer 1112"]
[Site "Hungary"]
[Date "2011.10.30"]
[Round "2.2"]
[White "Brayer, Janos"]
[Black "Fodor, Istvan"]
[Result "0-1"]
[WhiteElo "2044"]
[BlackElo "2303"]
[PlyCount "56"]
[EventDate "2011.09.25"]
[EventType "team-tourn"]
[EventRounds "11"]
[EventCountry "HUN"]
[SourceTitle "EXT 2013"]
[Source "ChessBase"]
[SourceDate "2012.11.22"]
[SourceVersion "1"]
[SourceVersionDate "2012.11.22"]
[SourceQuality "1"]
[WhiteTeam "Kisber Aszar"]
[BlackTeam "Husi"]
[WhiteTeamCountry "HUN"]
[BlackTeamCountry "HUN"]

1. d4 Nf6 2. Nf3 g6 3. Nbd2 d5 4. e3 Bg7 5. Bd3 0-0 6. c4 c5 7. dxc5 Na6 8. c6 bxc6 9. 0-0 Nc5 10. Bc2 a5 11. Re1 Ba6 12. Ne5 Qc7 13. f4 Rfd8 14. Qf3 Nfd7 15. Nxd7 Rxd7 16. Nb3 Nxb3 17. axb3 dxc4 18. Be4 Rc8 19. b4 Qb6 20. bxa5 Qb4 21. Rd1 Rcd8 22. Rxd7 Rxd7 23. Rb1 Qxa5 24. Bxc6 Qe1+ 25. Qf1 Qxf1+ 26. Kxf1 c3+ 27. Kf2 Rd6 28. Be4 cxb2 0-1